000 01071cam a2200277 a 4500
001 000001215
003 DO-SdBNP
005 20251030134003.0
008 880812s1986 ve b 000 0 spa
020 _a9800200231
040 _aDO-SdBNP
_bspa
_cBNPHU
082 4 _a342.029
_bR696c
100 1 _aRodríguez R., José,
_q[José Rodríguez Rodríguez],
_d1944-
_94148
245 1 0 _aConjura constitucional /
_cJosé Rodríguez Rodríguez.
260 _aCaracas :
_bMinisterio de Educación, Dirección General, Dirección de Información y Relaciones, División de Publicaciones,
_c1986.
300 _a110 p. ;
_c17 cm.
490 1 _aEdiciones del Ministerio de Educación
504 _aIncluye referencias bibliográficas, p. 107-110.
651 0 _aVenezuela
_xPolítica y gobierno
_y1810-1830.
_926230
651 7 _aColombia
_xPolítica y gobierno
_y1819-1831.
_94150
651 0 _aVenezuela
_xHistoria constitucional
_94151
830 0 _aEdiciones del Ministerio de Educación
_94152
910 _aCatalogación por copia / LC
910 _aWM
942 _2ddc
_cLBS1
999 _c1163
_d1163